000 00855nam a22002057a 4500
999 _c4434
_d4434
003 AR-CdUCM
008 190308b ||||| |||| 00| 0 spa d
040 _aMUNICIPALIDAD PROVINCIAL DEL CUSCO
_cBIBLIOTECA MUNICIPAL DEL CUSCO
082 _a828.8 /
_bB91
100 _aBulwer, Lytton E.
_913962
245 _aLos últimos días de Pompeya /
260 _aMéxico, D. F :
_bNacional,
_c1968.
300 _a392 paginas ;
_bIlustraciones,
_c22 cm.
505 _aContenido :Dos elegantes de pompeya -- La ramilletera ciega y la hermosura de moda: confesión del ateniense: el lector conoce a arbaces el egipcio -- Carácter de glauco: descripción de las cosas de pompeya: diversiones clásicas ...
650 _aNovelas históricas inglesas
_912490
650 _aLiteratura
_983
700 _aEdward George
_913963
942 _2ddc
_cLIBROS
945 _arjall